Taylor Swift - Chansons de Midnights par longueur des titres - Statistiques

Statistiques générales
  • Ce quiz a été pris 46 fois
  • Le résultat moyen est 11 sur 12
Statistiques - réponses
Nombre de
caractères
Chansons % Correct
5 Karma / Paris
100%
12 Lavender Haze / Midnight Rain / Sweet Nothing
100%
10 Mastermind / Dear Reader
100%
8 Anti-Hero / Question...?
97%
9 Bejeweled / Labyrinth
97%
13 Vigilante Shit / Hits Different / You're Losing Me
97%
14 Snow on the Beach / High Infidelity
94%
22 Would've, Could've, Should've
94%
17 You're On Your Own, Kid
94%
21 Bigger Than The Whole Sky
91%
6 Maroon / Glitch
91%
11 The Great War
88%
Aucun quiz correspondant
Distribution des résultats
% des personnes avec chaque résultat
Percentile par nombre de réponses
Votre historique - résultats
Vous n’avez pas pris ce quiz